Η σκιά και το κακό στα παραμύθια
Αποθηκεύτηκε σε:
| Κύριος συγγραφέας: | |
|---|---|
| Άλλοι συγγραφείς: | |
| Μορφή: | Βιβλίο |
| Γλώσσα: | Greek English |
| Δημοσίευση: |
Αθήνα :
Τζαφέρη,
1996.
|
| Θέματα: | |
| Ετικέτες: |
Προσθήκη ετικέτας
Δεν υπάρχουν, Καταχωρήστε ετικέτα πρώτοι!
|
MARC
| LEADER | 00000cam a2200000 i 4500 | ||
|---|---|---|---|
| 001 | 1/70976 | ||
| 008 | 980522s1996 gr | ||| |||| ||gre|| | ||
| 020 | |a 9604290606 | ||
| 035 | |l 10030812 | ||
| 040 | |a GR-MyUa |b gre |e AACR2 | ||
| 041 | 1 | |a gre |h eng | |
| 082 | 7 | |a 398.2 |2 (23) | |
| 100 | 1 | |a Franz, Marie-Luise von, |d 1915-1998. | |
| 245 | 1 | 2 | |a Η σκιά και το κακό στα παραμύθια / |c Marie-Louise von Franz ; μετάφραση: Μ. Κοκκολάκης ... [κ.ά.]. |
| 260 | |a Αθήνα : |b Τζαφέρη, |c 1996. | ||
| 300 | |a 398 σ. ; |c 22 εκ. | ||
| 500 | |a Τίτλος πρωτοτύπου: Shadow and evil in fairy tales. | ||
| 650 | 0 | |a Fairy tales |x History and criticism. | |
| 650 | 0 | |a Psychoanalysis and folklore. | |
| 650 | 0 | |a Shadow (Psychoanalysis) | |
| 650 | 0 | |a Symbolism in fairy tales. | |
| 700 | 1 | |a Κοκολάκης, Μιχάλης, |d 1921- |e trl | |
| 852 | |a INST |b RHODES |e 19980522 |h 398.2 FRA |p 005400006571 |q 005400006571 |t BK |y 0 | ||
| 901 | |a BIBL-1998-2 | ||
| 970 | |z 1998/05/22 | ||
| 922 | |a 4ΕΛΗ |b 199802 |c ΚΠΣ/Ν |d EMVASIS | ||